[Event "Goodricke op 11th"]
[Site "Kolkata"]
[Date "2000.02.09"]
[Round "4"]
[White "Mirzoev, Azer"]
[Black "Chatterjee, Laltu"]
[Result "1-0"]
[WhiteElo "2438"]
[BlackElo "2257"]
[PlyCount "79"]
[EventDate "2000.02.05"]
[EventType "swiss"]
[EventRounds "11"]
[EventCountry "IND"]
[SourceTitle "CBM 074 Extra"]
[Source "ChessBase"]
[SourceDate "2000.03.10"]
[SourceVersion "2"]
[SourceVersionDate "2000.03.10"]
[SourceQuality "1"]

1. d4 d5 2. Nf3 Bf5 3. c4 e6 4. Nc3 c6 5. Qb3 Qb6 6. c5 Qc7 7. Bf4 Qc8 8. e3 Nf6 9. h3 Nbd7 10. Be2 Be7 11. 0-0 h6 12. Qd1 Ne4 13. Nxe4 dxe4 14. Nd2 e5 15. dxe5 Nxc5 16. Nc4 0-0 17. Nd6 Bxd6 18. exd6 Qd7 19. Rc1 Ne6 20. Bh2 Ng5 21. Bg3 Be6 22. a3 f5 23. b4 a6 24. Qd4 Kh7 25. Rfd1 b5 26. a4 Bd5 27. axb5 Ne6 28. Qd2 axb5 29. Bxb5 Qb7 30. Bc4 Bxc4 31. Rxc4 Qb5 32. Qc2 Nd8 33. Qc3 Ra4 34. Rc1 Rf7 35. Kh2 g6 36. Qd2 Rd7 37. Qd4 Raa7 38. Qf6 Qb8 39. Be5 Rg7 40. d7 1-0

[Event "Goodricke op 08th"]
[Site "Kolkata"]
[Date "1997.??.??"]
[Round "5"]
[White "Chatterjee, Laltu"]
[Black "Barua, Dibyendu"]
[Result "0-1"]
[WhiteElo "2305"]
[BlackElo "2535"]
[PlyCount "75"]
[EventDate "1997.02.??"]
[EventType "swiss"]
[EventRounds "11"]
[EventCountry "IND"]
[SourceTitle "CBM 056 Extra"]
[Source "ChessBase"]
[SourceDate "1997.03.01"]
[SourceVersion "1"]
[SourceVersionDate "1997.03.01"]
[SourceQuality "1"]

1. e4 e6 2. d4 d5 3. Nd2 Nf6 4. e5 Nfd7 5. c3 c5 6. Bd3 Nc6 7. Ne2 cxd4 8. cxd4 f6 9. exf6 Nxf6 10. 0-0 Bd6 11. Nf3 Qc7 12. Bg5 0-0 13. Bh4 Nh5 14. Bg3 Nxg3 15. hxg3 g6 16. Rc1 Qg7 17. Qd2 Bd7 18. Kh2 e5 19. dxe5 Nxe5 20. Nxe5 Bxe5 21. Ng1 Bc6 22. b4 a6 23. Nh3 Rf6 24. a4 Raf8 25. Qg5 Bb8 26. b5 axb5 27. axb5 h6 28. Qd2 Bd7 29. Qa2 Qf7 30. Rc2 g5 31. f4 g4 32. Nf2 Rxf4 33. Bg6 Qxg6 34. gxf4 g3+ 35. Kg1 gxf2+ 36. Rfxf2 Be6 37. Qa3 Qg4 38. Rf3 0-1

[Event "Goodricke op 08th"]
[Site "Kolkata"]
[Date "1997.??.??"]
[Round "7"]
[White "Chatterjee, Laltu"]
[Black "Sharma, Dinesh Kumar"]
[Result "1-0"]
[WhiteElo "2305"]
[BlackElo "2255"]
[PlyCount "77"]
[EventDate "1997.02.??"]
[EventType "swiss"]
[EventRounds "11"]
[EventCountry "IND"]
[SourceTitle "CBM 056 Extra"]
[Source "ChessBase"]
[SourceDate "1997.03.01"]
[SourceVersion "1"]
[SourceVersionDate "1997.03.01"]
[SourceQuality "1"]

1. e4 c5 2. Nf3 d6 3. d4 cxd4 4. Nxd4 Nf6 5. Nc3 a6 6. Be2 e5 7. Nb3 Be7 8. 0-0 Be6 9. f4 Qc7 10. Nd5 Bxd5 11. exd5 Nbd7 12. c4 Nb6 13. fxe5 dxe5 14. Nd2 Bd6 15. Qe1 e4 16. Rxf6 gxf6 17. Nxe4 Bxh2+ 18. Kh1 Be5 19. d6 Qd8 20. c5 Nd7 21. Bg4 h5 22. Bh3 Rc8 23. b4 Kf8 24. Rb1 b6 25. Be3 Rc6 26. Qf1 Nb8 27. a4 Kg7 28. b5 axb5 29. axb5 Rxc5 30. Nxc5 bxc5 31. Bxc5 Nd7 32. Be3 Nb6 33. Rd1 Qb8 34. d7 Rd8 35. Qe2 Rh8 36. Qd3 Rd8 37. Bc5 Na4 38. Bd6 Bxd6 39. Qxd6 1-0

[Event "Goodricke op 08th"]
[Site "Kolkata"]
[Date "1997.??.??"]
[Round "10"]
[White "Ravi, Lanka"]
[Black "Chatterjee, Laltu"]
[Result "1-0"]
[WhiteElo "2390"]
[BlackElo "2305"]
[PlyCount "92"]
[EventDate "1997.02.??"]
[EventType "swiss"]
[EventRounds "11"]
[EventCountry "IND"]
[SourceTitle "CBM 056 Extra"]
[Source "ChessBase"]
[SourceDate "1997.03.01"]
[SourceVersion "1"]
[SourceVersionDate "1997.03.01"]
[SourceQuality "1"]

1. Nf3 d5 2. d4 Bf5 3. c4 c6 4. Nc3 e6 5. Qb3 Qb6 6. c5 Qxb3 7. axb3 Na6 8. Ra4 Bc2 9. e3 Bxb3 10. Ra3 Bc4 11. Bxc4 dxc4 12. Ne5 Nc7 13. Ra4 Nf6 14. Nxc4 a6 15. f3 Nd7 16. b4 Be7 17. Na5 0-0-0 18. e4 g5 19. Ke2 Nf8 20. Rd1 Ng6 21. Ra2 Nb5 22. Nxb5 axb5 23. Be3 Kc7 24. Nb3 Ra8 25. Rda1 Rxa2+ 26. Rxa2 Rd8 27. Rd2 f5 28. d5 exd5 29. exf5 Ne5 30. Ra2 Nc4 31. Nd4 Rf8 32. Ne6+ Kd7 33. Ra7 Rb8 34. Bd4 h6 35. g4 Ke8 36. Bg7 Kf7 37. f4 gxf4 38. Bxh6 Bf6 39. Bxf4 Re8 40. Rxb7+ Kg8 41. Kd3 Be5 42. Bxe5 Nxe5+ 43. Kd4 Nf3+ 44. Ke3 Ne5 45. g5 Ra8 46. Kf4 Ra3 1-0

[Event "Goodricke op 08th"]
[Site "Kolkata"]
[Date "1997.??.??"]
[Round "8"]
[White "Sandipan, Chanda"]
[Black "Chatterjee, Laltu"]
[Result "0-1"]
[WhiteElo "2130"]
[BlackElo "2305"]
[PlyCount "70"]
[EventDate "1997.02.??"]
[EventType "swiss"]
[EventRounds "11"]
[EventCountry "IND"]
[SourceTitle "CBM 056 Extra"]
[Source "ChessBase"]
[SourceDate "1997.03.01"]
[SourceVersion "1"]
[SourceVersionDate "1997.03.01"]
[SourceQuality "1"]

1. e4 e5 2. Nf3 Nc6 3. Bc4 d6 4. d4 exd4 5. Nxd4 Nxd4 6. Qxd4 Be6 7. 0-0 Ne7 8. Bxe6 fxe6 9. f4 Nc6 10. Qd1 Qd7 11. Nc3 g6 12. f5 0-0-0 13. Bg5 Re8 14. fxe6 Qxe6 15. Qd5 Bg7 16. Nb5 a6 17. Nxc7 Qxe4 18. Qxd6 Qd4+ 19. Qxd4 Bxd4+ 20. Kh1 Kxc7 21. c3 Be5 22. Rf7+ Kc8 23. Rd1 h6 24. Bh4 g5 25. Bg3 Bxg3 26. hxg3 Ne5 27. Rg7 Ng4 28. Rb1 Re3 29. Kg1 Rhe8 30. Kf1 Rf8+ 31. Kg1 Rxg3 32. Re1 Re3 33. Rd1 Rfe8 34. Kf1 Re2 35. Rf7 Rxb2 0-1

[Event "Goodricke op 07th"]
[Site "Kolkata"]
[Date "1996.??.??"]
[Round "5"]
[White "Chatterjee, Laltu"]
[Black "Konguvel, Ponnuswamy"]
[Result "0-1"]
[WhiteElo "2240"]
[BlackElo "2395"]
[PlyCount "90"]
[EventDate "1996.02.??"]
[EventType "swiss"]
[EventRounds "11"]
[EventCountry "IND"]
[SourceTitle "CBM 050 Extra"]
[Source "ChessBase"]
[SourceDate "1996.03.01"]
[SourceVersion "1"]
[SourceVersionDate "1996.03.01"]
[SourceQuality "1"]

1. e4 c5 2. Nf3 Nc6 3. d4 cxd4 4. Nxd4 g6 5. Be3 Nf6 6. Nc3 Bg7 7. f3 0-0 8. Qd2 d5 9. exd5 Nxd5 10. Nxc6 bxc6 11. Rd1 Bf5 12. Nxd5 cxd5 13. c3 Qd7 14. Be2 Rab8 15. 0-0 Rfd8 16. Rc1 Qa4 17. b4 Qa3 18. Bc5 e5 19. Bd1 d4 20. cxd4 Qd3 21. Qe1 Bh6 22. Rc3 Qd2 23. Ra3 exd4 24. Rxa7 Be6 25. Bb3 Bxb3 26. axb3 Qxe1 27. Rxe1 d3 28. Kf2 d2 29. Rd1 Rd3 30. g3 Rbd8 31. f4 Bg7 32. Ra2 Bc3 33. Ke2 R3d7 34. Be3 Re8 35. Kf2 Bxb4 36. Bxd2 Red8 37. Ke2 f5 38. Rc2 Re8+ 39. Kf2 Kf7 40. Bxb4 Rxd1 41. Rc7+ Ke6 42. Rxh7 Rb8 43. Bc3 Rxb3 44. Be5 Rd2+ 45. Ke1 Ra2 0-1

[Event "IND-ch"]
[Site "Kasaragod"]
[Date "1996.??.??"]
[Round "1"]
[White "Chatterjee, Laltu"]
[Black "Mari Arul, S."]
[Result "1/2-1/2"]
[WhiteElo "2240"]
[BlackElo "2325"]
[PlyCount "82"]
[EventDate "1996.??.??"]
[EventType "tourn"]
[EventRounds "15"]
[EventCountry "IND"]
[EventCategory "5"]
[SourceTitle "EXT 1998"]
[Source "ChessBase"]
[SourceDate "1997.11.17"]
[SourceVersion "1"]
[SourceVersionDate "1997.11.17"]
[SourceQuality "1"]

1. e4 e5 2. Nc3 Bc5 3. Bc4 d6 4. d3 Nc6 5. Na4 Bb6 6. Nxb6 axb6 7. c3 Be6 8. Bb3 Nf6 9. Ne2 d5 10. Ng3 dxe4 11. Bxe6 fxe6 12. dxe4 Qxd1+ 13. Kxd1 0-0 14. f3 b5 15. Bd2 Ra4 16. b3 Ra6 17. Kc2 Rfa8 18. Kb2 Ne8 19. Rhd1 Nd6 20. Be3 b4 21. Bd2 bxc3+ 22. Bxc3 Nb5 23. Rd7 Nxc3 24. Kxc3 Rxa2 25. Rxa2 Rxa2 26. Rxc7 Rxg2 27. Nh5 Rxh2 28. Nxg7 Nd4 29. Rxb7 h5 30. Ne8 Nxf3 31. b4 h4 32. b5 h3 33. b6 Nd4 34. Rg7+ Kf8 35. b7 Rc2+ 36. Kd3 Rb2 37. Rh7 Nc6 38. Nf6 h2 39. Nd7+ Kg8 40. Nf6+ Kf8 41. Nd7+ Kg8 1/2-1/2

[Event "IND-ch"]
[Site "Kasaragod"]
[Date "1996.??.??"]
[Round "14"]
[White "Chatterjee, Laltu"]
[Black "Ravi, Lanka"]
[Result "1-0"]
[WhiteElo "2240"]
[BlackElo "2390"]
[PlyCount "103"]
[EventDate "1996.??.??"]
[EventType "tourn"]
[EventRounds "15"]
[EventCountry "IND"]
[EventCategory "5"]
[SourceTitle "EXT 1998"]
[Source "ChessBase"]
[SourceDate "1997.11.17"]
[SourceVersion "1"]
[SourceVersionDate "1997.11.17"]
[SourceQuality "1"]

1. e4 c6 2. d4 d5 3. exd5 cxd5 4. Bd3 Nc6 5. c3 Qc7 6. Ne2 Bg4 7. Na3 e6 8. Qb3 Nf6 9. Bf4 Qd7 10. Ng3 Nh5 11. Be3 Bd6 12. Nb5 Bb8 13. f3 Nxg3 14. hxg3 Bf5 15. Bxf5 exf5 16. Kf2 0-0 17. Rh3 Ne7 18. Rah1 h6 19. c4 a6 20. Nc3 dxc4 21. Qxc4 Ba7 22. Ne2 Rac8 23. Qb3 Rc6 24. Kg1 Re8 25. Nf4 Bxd4 26. Kh2 Bxe3 27. Qxe3 Ng6 28. Rd1 Rxe3 29. Rxd7 Ne5 30. Rd2 Rxf3 31. Rd8+ Kh7 32. gxf3 Rc2+ 33. Kg1 g5 34. Nd5 Nxf3+ 35. Kf1 Kg7 36. Rd6 Rd2 37. Ne3 Nh2+ 38. Kg1 Nf3+ 39. Kh1 Rxd6 40. Nxf5+ Kg6 41. Nxd6 g4 42. Rh2 Nxh2 43. Kxh2 b6 44. Nc4 b5 45. Ne5+ Kf5 46. Nxf7 h5 47. Kg2 Ke4 48. Kf2 Kd3 49. Ne5+ Kc2 50. b4 Kb2 51. Nc6 Kxa2 52. Nb8 1-0

[Event "IND-ch"]
[Site "Kasaragod"]
[Date "1996.??.??"]
[Round "13"]
[White "Kunte, Abhijit"]
[Black "Chatterjee, Laltu"]
[Result "1/2-1/2"]
[WhiteElo "2345"]
[BlackElo "2240"]
[PlyCount "141"]
[EventDate "1996.??.??"]
[EventType "tourn"]
[EventRounds "15"]
[EventCountry "IND"]
[EventCategory "5"]
[SourceTitle "EXT 1998"]
[Source "ChessBase"]
[SourceDate "1997.11.17"]
[SourceVersion "1"]
[SourceVersionDate "1997.11.17"]
[SourceQuality "1"]

1. Nf3 d5 2. g3 c6 3. Bg2 Bf5 4. 0-0 Nf6 5. b3 Qc8 6. Bb2 Bh3 7. c4 Bxg2 8. Kxg2 e6 9. d3 Be7 10. Nc3 Nbd7 11. Rc1 dxc4 12. bxc4 Qc7 13. d4 Rd8 14. e4 h5 15. e5 Ng4 16. Qe2 Qa5 17. d5 Ba3 18. Bxa3 Qxa3 19. Rfe1 Nc5 20. h3 Nh6 21. Ne4 Nxe4 22. Qxe4 exd5 23. cxd5 Rxd5 24. Rcd1 Qc5 25. e6 0-0 26. e7 Re8 27. Ng5 Nf5 28. Qf3 Rxd1 29. Qxh5 Nh6 30. Rxd1 Qxe7 31. Rd4 Qc5 32. Rd7 Qf5 33. Rxb7 c5 34. h4 Rc8 35. Qe2 Qd5+ 36. Qf3 Qxf3+ 37. Nxf3 c4 38. Nd4 Rd8 39. Nf3 Rc8 40. Ne1 Nf5 41. Rxa7 Rd8 42. Rc7 Rd2 43. a4 Ra2 44. a5 Rxa5 45. Rxc4 g6 46. Nf3 Ra3 47. Re4 Nd6 48. Re1 Kg7 49. Ng5 Nf5 50. Rb1 Ra7 51. Rb5 Nd6 52. Rd5 Nf5 53. g4 Nh6 54. f3 Ng8 55. Kg3 Nf6 56. Rb5 Nh7 57. Ne4 Nf6 58. Rb6 Nxe4+ 59. fxe4 Ra1 60. e5 Re1 61. e6 fxe6 62. Kf4 Kf6 63. g5+ Kf7 64. Rb7+ Kf8 65. Rb5 Rf1+ 66. Ke4 Re1+ 67. Kd4 Ke7 68. Rb4 Kd6 69. Rb7 Rh1 70. Rh7 e5+ 71. Ke4 1/2-1/2

[Event "Goodricke op 07th"]
[Site "Kolkata"]
[Date "1996.??.??"]
[Round "8"]
[White "Sahu, Sekhar Chandra"]
[Black "Chatterjee, Laltu"]
[Result "0-1"]
[WhiteElo "2340"]
[BlackElo "2240"]
[PlyCount "111"]
[EventDate "1996.02.??"]
[EventType "swiss"]
[EventRounds "11"]
[EventCountry "IND"]
[SourceTitle "CBM 050 Extra"]
[Source "ChessBase"]
[SourceDate "1996.03.01"]
[SourceVersion "1"]
[SourceVersionDate "1996.03.01"]
[SourceQuality "1"]

1. Nf3 Nf6 2. c4 c6 3. g3 d5 4. Bg2 dxc4 5. 0-0 Bf5 6. Nc3 Nbd7 7. Nd4 Bg6 8. Nc2 Rc8 9. Ne3 b5 10. b3 cxb3 11. axb3 a5 12. d3 e6 13. Bb2 Bc5 14. Nc2 0-0 15. e4 h5 16. d4 Bb6 17. Qe2 h4 18. Kh1 Bh5 19. f3 hxg3 20. hxg3 Kh7 21. e5 Nd5 22. Ne4 Rh8 23. Rf2 Kg8 24. Kg1 Bg6 25. f4 c5 26. Rd1 cxd4 27. Nxd4 Bxe4 28. Bxe4 Nc3 29. Bxc3 Rxc3 30. Bf3 Nf8 31. Qe4 Qd5 32. Kg2 Qxe4 33. Bxe4 Bxd4 34. Rxd4 Rxb3 35. Bc2 Rc3 36. Rd8 g6 37. Ra8 a4 38. Rb8 Rc5 39. Bd3 a3 40. Rxb5 Rc3 41. Be4 Nd7 42. Rf3 Rc4 43. Bb1 a2 44. Ra3 axb1Q 45. Rxb1 Rc2+ 46. Kf3 Nc5 47. Kg4 Kg7 48. Rb6 Rf2 49. Rc6 Ne4 50. Rc7 Nd2 51. Ra2 Rfh2 52. Raa7 Rf8 53. Re7 Rf2 54. Rxe6 Rh8 55. Rxg6+ Kxg6 56. f5+ 0-1

[Event "Goodricke op 04th"]
[Site "Kolkata"]
[Date "1993.??.??"]
[Round "2"]
[White "Chatterjee, Laltu"]
[Black "Kirov, Nino"]
[Result "1/2-1/2"]
[WhiteElo "2260"]
[BlackElo "2505"]
[PlyCount "95"]
[EventDate "1993.02.??"]
[EventType "swiss"]
[EventRounds "11"]
[EventCountry "IND"]
[SourceTitle "EXT 1998"]
[Source "ChessBase"]
[SourceDate "1997.11.17"]
[SourceVersion "1"]
[SourceVersionDate "1997.11.17"]
[SourceQuality "1"]

1. e4 c5 2. Nf3 e6 3. d4 cxd4 4. Nxd4 a6 5. Nc3 Nc6 6. Nxc6 bxc6 7. Bd3 d5 8. 0-0 Nf6 9. Bf4 Be7 10. Kh1 0-0 11. Qf3 c5 12. b3 Bb7 13. Rad1 Re8 14. Qh3 g6 15. Nb1 c4 16. Bxc4 Nxe4 17. Bd3 Nc5 18. Be5 Nd7 19. Bb2 Bf6 20. Bxf6 Qxf6 21. c4 Nc5 22. cxd5 Bxd5 23. Nd2 Red8 24. Bb1 e5 25. Qe3 Rac8 26. f3 Qe7 27. Rfe1 f6 28. Ne4 Bxe4 29. Bxe4 Kg7 30. h3 Rc7 31. Kh2 h5 32. Rd5 Rxd5 33. Bxd5 Qd6 34. Bc4 e4+ 35. Kh1 exf3 36. Qxf3 Re7 37. Rd1 Qe5 38. Bd3 Nxd3 39. Qxd3 a5 40. Qd2 h4 41. a3 g5 42. Qd4 Qe2 43. Qd2 Qb5 44. b4 a4 45. Qd8 Qe2 46. Rd7 Qe1+ 47. Kh2 Qg3+ 48. Kh1 1/2-1/2

[Event "Goodricke op 04th"]
[Site "Kolkata"]
[Date "1993.??.??"]
[Round "1"]
[White "Hickl, Joerg"]
[Black "Chatterjee, Laltu"]
[Result "1/2-1/2"]
[WhiteElo "2540"]
[BlackElo "2260"]
[PlyCount "90"]
[EventDate "1993.02.??"]
[EventType "swiss"]
[EventRounds "11"]
[EventCountry "IND"]
[SourceTitle "EXT 1998"]
[Source "ChessBase"]
[SourceDate "1997.11.17"]
[SourceVersion "1"]
[SourceVersionDate "1997.11.17"]
[SourceQuality "1"]

1. g3 Nf6 2. Bg2 g6 3. c4 Bg7 4. Nf3 c6 5. 0-0 0-0 6. d3 d5 7. Qc2 Bf5 8. Nbd2 Qc8 9. b3 Bh3 10. Ba3 Bxg2 11. Kxg2 Qd8 12. Rac1 Nbd7 13. cxd5 Nxd5 14. d4 Re8 15. Nc4 N5b6 16. Rfd1 Qc7 17. e4 Rad8 18. Ne3 Qb8 19. Bb2 Nf6 20. a4 Nbd7 21. Re1 h6 22. Rcd1 Qc8 23. e5 Nd5 24. e6 Nf8 25. exf7+ Kxf7 26. Ba3 Bf6 27. Ne5+ Kg7 28. N3g4 Qf5 29. Qxf5 gxf5 30. Nxf6 Kxf6 31. Nf3 Ne6 32. Re5 Ng5 33. Rde1 e6 34. Nd2 Nf7 35. R5e2 Nc3 36. Re3 Nd5 37. Rd3 Rg8 38. Kf1 Rge8 39. Nc4 Rd7 40. Ne5 Nxe5 41. dxe5+ Kf7 42. Rd4 Kg6 43. g4 Rf7 44. h3 Rh8 45. Kg2 h5 1/2-1/2